000
00328 a2200157 4500
001
192560
020
_a
978-85-376-0362-8
040
_c
Magnum
100
_a
Marques, Cristina
240
1
0
_a
Branca de neve
_l
por
245
1
0
_a
Branca de neve
300
_a
16
362
0
_a
2012
697
_a
LITERATURA INFANTO
942
_c
BK
999
_c
192560
_d
192560